The Death of Woman Wang (Record no. 577815)

MARC details
000 -LEADER
fixed length control field 01325nam a2200169Ia 4500
008 - FIXED-LENGTH DATA ELEMENTS--GENERAL INFORMATION
fixed length control field 250728s9999 xx 000 0 und d
020 ## - INTERNATIONAL STANDARD BOOK NUMBER
ISBN 9781847243423
082 ## - DEWEY DECIMAL CLASSIFICATION NUMBER
Classification number 951.14032
Item number SPE
100 ## - MAIN ENTRY--AUTHOR NAME
Personal name Spence, Jonathan D.
245 #4 - TITLE STATEMENT
Title The Death of Woman Wang
260 ## - PUBLICATION, DISTRIBUTION, ETC. (IMPRINT)
Name of publisher Quercus Books
Year of publication 2008
300 ## - PHYSICAL DESCRIPTION
Number of Pages 169 pages
500 ## - GENERAL NOTE
General note In The Death of Woman Wang the award-winning historian Jonathan Spence paints a vivid picture of an obscure time and place: provincial China in the late 17th century. Drawing on a range of sources, including local Chinese histories, the memoirs of scholars and other contemporary writings, Spence reconstructs an extraordinary tale of rural tragedy in a remote corner of the northeastern Chinese province of Shantung. Life in the county of T'an-ch'eng emerges as an endless cycle of floods, plagues, crop failures, banditry and heavy taxation. Against this turbulent background a tenacious tax collector, an irascible farmer, and an unhappy wife act out a poignant drama at whose climax the wife, having run away from her husband, returns to him, only to die at his hands. The Death of Woman Wang not only magnificently evokes the China of the late Ming period, but also deepens our understanding of the China we know today.
650 ## - SUBJECT ADDED ENTRY--TOPICAL TERM
Topical Term China
942 ## - ADDED ENTRY ELEMENTS (KOHA)
Koha item type English Books
Holdings
Withdrawn status Lost status Damaged status Not for loan Home library Current library Shelving location Date acquired Full call number Accession Number Price effective from Koha item type
        Anna Centenary Library Anna Centenary Library 7TH FLOOR, B WING 28.07.2025 951.14032 SPE 415166 28.07.2025 English Books

Find us on the map